000 00896cam a2200337 4500
008 090401t1992 xxu||||| |||| 00| 0 eng d
020 _a0851255353
035 _a(Sirsi) u31343
041 _aeng
050 _a694.012
100 _aBravery, A. F.
245 _aRecognising wood rot and insect damage in buildings.
250 _a2nd ed.
260 _aGarston, Watford
_bBuilding Research Establishment
_c1992
300 _avi,114p. : ill. ; 20cm.
350 _a25
490 _aBRE Building Renewal
_v232
650 _aDECAY
650 _aFUNGI
650 _aINSECT DAMAGE
650 _aTIMBER
650 _aWOOD ROT
650 _aWOOD-BORING INSECTS
690 _aBUILT ENVIRONMENT-BUILDING PATHOLOGY
700 _aBerry, R.W.
700 _aCarey, J.K.
700 _aCooper, D.E.
710 _aBuilding Research Establishment
942 _n0
948 _c04/03/1997
999 _c89583
_d89583